Dealers of Lighting : Xerox PARC and the Dawn of the Computer Age /

La presente obra es un recorrido histórico por el desarrollo tecnológico que se sucitó en California, EUA, específicamente en Palo Alto a partir de los años 70 y que trajo consigo el enorme desarrollo tecnológico.

Uloženo v:
Podrobná bibliografie
Hlavní autor: Hiltzik, Michael (autor)
Médium: Kniha
Jazyk:angličtina
Vydáno: Nueva York, EUA : Harper Collins, 1999, c1999
Témata:
Tagy: Přidat tag
Žádné tagy, Buďte první, kdo vytvoří štítek k tomuto záznamu!

MARC

LEADER 00000nam^a2200000^a^4500
001 000153411
005 20250521000000.0
009 20260310100319.257
020 |a 0-88730-989-5 
037 |a Acervo ITESO - Biblioteca 
041 |a ING 
082 |a 004. 0720797394  |b HIL 
100 |a Hiltzik, Michael  |e (autor) 
245 1 0 |a Dealers of Lighting :  |b Xerox PARC and the Dawn of the Computer Age /  |c M. Hiltzik. 
264 4 |a Nueva York, EUA :  |b Harper Collins,  |c 1999, c1999 
300 |a XXVIII, 448 p. 
336 |a texto  |b txt  |2 rdacontenido 
337 |a sin mediación  |b n  |2 rdamedio 
338 |a volumen  |b nc  |2 rdasoporte 
520 |a La presente obra es un recorrido histórico por el desarrollo tecnológico que se sucitó en California, EUA, específicamente en Palo Alto a partir de los años 70 y que trajo consigo el enorme desarrollo tecnológico. 
649 |a XX 
650 |a Ingeniería Computacional -  |z California, EUA -  |x Historia 
650 |a Ingeniería Computacional -  |z EUA -  |x Historia 
650 |a Ingeniería Computacional -  |z California , EUA -  |x Investigación 
650 |a Ingeniería Computacional -  |z EUA -  |x Investigación 
650 |a Inventos 
650 |a Creatividad 
650 |a Industria de la Computación -  |z California, EUA 
650 |a Industria de la Computación -  |z EUA 
650 |a Desarrollo Tecnológico -  |z California, EUA 
650 |a Desarrollo Tecnológico -  |z EUA 
650 |a Cambios Sociales y Culturales -  |z California, EUA 
650 |a Cambios Sociales y Culturales -  |z EUA 
650 |a Desarrollo Económico-Social -  |z California, EUA 
650 |a Desarrollo Económico-Social -  |z EUA 
650 |a California, EUA -  |x Condiciones Económicas 
650 |a EUA -  |x Condiciones Económicas 
650 |a California, EUA -  |x Condiciones Sociales y Culturales 
650 |a EUA -  |x Condiciones Sociales y Culturales 
650 |a California, EUA -  |x Condiciones Tecnológicas 
650 |a EUA -  |x Condiciones Tecnológicas 
910 |a Fondo General 
920 |a Impresos - Libros 
930 |a Colección General 
905 |a 101 
901 |a 0500082094  |b IT1  |c ACC  |u 20250521 
902 |a https://opac.biblio.iteso.mx/vufind/Record/000153411